00304nam a2200109Ia 4500008004100000100003200041245003700073260000900110300003300119440002400152650001800176180117s9999 xx 000 0 und d aby Mavie Castrillo Escalona aPeace and Quiet On Christmas Day c2016 a9-10 pages, 2016 December 25 aPhilippine Panorama aCHRISTMAS DAY